| 000 | 00000nam##2200000za#4500 |
| 001 | 9.601440 |
| 003 | CaOODSP |
| 005 | 20210624210056 |
| 007 | cr ||||||||||| |
| 008 | 150406|2008||||xxc|||||o f|0| 0 fre|d |
| 022 | |a1919-5117 |
| 040 | |aCaOODSP|bfre |
| 043 | |an-cn--- |
| 086 | 1 |aFs70-6/2008-004F-PDF |
| 110 | 1 |aCanada. |bMinistère des pêches et des océans. |bRégion du golfe. |
| 245 | 10|aÉvaluation de la morue du sud du golfe du Saint-Laurent |h[ressource électronique] |
| 260 | |aOttawa - Ontario : |bPêches et Océans Canada. |cMars 2008 (révisé juin 2008). |
| 300 | |a15p.|bgraphiques, ill., cartes (certaines en couleur), références, tableau |
| 490 | 1 |aSecrétariat canadien de consultation scientifique, avis scientifique |x1919-5117|v2008/004, Région du Golfe |
| 590 | |a11-20-Supp|b2011-09-29 |
| 775 | 08|tAssessment of cod in the southern Gulf of St. Lawrence |w(CaOODSP)9.570794 |
| 830 | #0|aAvis scientifique (Secrétariat canadien de consultation scientifique)|x1919-5117|v2008/004, Région du Golfe|w(CaOODSP)9.502624 |
| 856 | 40|ahttp://publications.gc.ca|qPDF|s455 Ko|uhttps://publications.gc.ca/collections/collection_2011/mpo-dfo/Fs70-6-2008-004-fra.pdf|y2008/004, Région du Golfe |